Medios de comunicación de masas y conducta política / (Record no. 8800)
[ view plain ]
| 000 -CABECERA | |
|---|---|
| campo de control de longitud fija | 01081nam a22002537a 4500 |
| 003 - NÚMERO DE CONTROL | |
| campo de control | CO-NeUS |
| 005 - FECHA Y HORA DE ACTUALIZACIÓN | |
| 005 | 20201020091642.0 |
| 008 - LONGITUD FIJA | |
| campo de control de longitud fija | 140202b ck ||||| |||| 00| 0 spa d |
| 020 ## - INTERNATIONAL STANDARD BOOK NUMBER | |
| ISBN | 8470304445 |
| 040 ## - FUENTE DE CATALOGACIÓN | |
| Centro/agencia transcriptor | CO-NeUS |
| Centro catalogador/agencia de origen | CO-NeUS |
| Lengua de catalogación | español |
| Normas de descripción | rda |
| 100 1# - AUTOR PERSONAL | |
| nombre | Sabucedo, J.M. |
| 9 (RLIN) | 81251 |
| relación | autor |
| 245 10 - TÍTULO PROPIAMENTE DICHO | |
| título | Medios de comunicación de masas y conducta política / |
| Mención de responsabilidad, etc. | J.M. Sabucedo, M. Rodríguez |
| 264 ## - PIE DE IMPRENTA | |
| lugar (ciudad) | Madrid : |
| editorial | Biblioteca Nueva |
| fecha | 1997 |
| 300 ## - DESCRIPCIÓN FÍSICA | |
| Extensión | 127 paginas |
| Dimensiones | 21 cm. |
| 490 0# - SERIE | |
| serie | Biblioteca Nueva - Psicología Universidad |
| 9 (RLIN) | 95097 |
| 505 00 - NOTA DE CONTENIDO | |
| Nota de contenido | Primeras aproximaciones sobre los efectos de los Mass Media -- Los efectos mínimos -- Comunicación y proceso |
| 505 00 - NOTA DE CONTENIDO | |
| Nota de contenido | de persuación -- Reconsideración de los efectos de los medios de comunicación de masas -- El establecimiento |
| 505 00 - NOTA DE CONTENIDO | |
| Nota de contenido | de la agenda -- Indicadores culturales -- Medios de comunicación de masas y participación política |
| 505 00 - NOTA DE CONTENIDO | |
| Nota de contenido | convencional y no convencional -- |
| 700 1# - COAUTOR PERSONAL | |
| Nombre de persona | Rodríguez, M. |
| 9 (RLIN) | 79711 |
| 082 04 - CLASIFICACIÓN DECIMAL DEWEY | |
| Clasificación | 302.23 / |
| edición | 302.23 / |
| Clave de autor | S118m |
| 650 14 - MATERIA GENERAL | |
| Término de materia o nombre geográfico como elemento inicial | Medios de comunicacion de masas |
| 9 (RLIN) | 116129 |
| 650 14 - MATERIA GENERAL | |
| Término de materia o nombre geográfico como elemento inicial | Etica politica |
| 9 (RLIN) | 109923 |
| 942 ## - PUNTO DE ACCESO ADICIONAL KOHA | |
| Fuente del sistema de clasificación o colocación | |
| Tipo de ítem koha | Libros |
| Parte de la signatura que corresponde a la clasificación (Parte de la clasificación) | 302.23 / |
| Prefijo de la signatura | S118m |
No items available.